00293 a2200109 450000500170000002000220001708200200003910000130005924500470007226000330011930000310015220250531131004.0 a978 0 7506 8676 1 aLECT 657.48 AVI aAVIS, J. aManagement Accounting Decision Management. aNew York, bElsevier,c2008. axviii, 270p.: ill.; c29cm